Billboard Hot 100 #1 Hits of 2013 - Statistics

General Stats
  • This quiz has been taken 24 times
  • The average score is 38 of 52
Answer Stats
Issue Date #1 Hit Artist % Correct
September 28 Wrecking Ball Miley Cyrus
94%
October 5 Wrecking Ball Miley Cyrus
94%
December 14 Wrecking Ball Miley Cyrus
94%
December 21 The Monster Eminem ft. Rihanna
89%
December 28 The Monster Eminem ft. Rihanna
89%
October 12 Royals Lorde
83%
October 19 Royals Lorde
83%
October 26 Royals Lorde
83%
November 2 Royals Lorde
83%
November 9 Royals Lorde
83%
November 16 Royals Lorde
83%
November 23 Royals Lorde
83%
November 30 Royals Lorde
83%
December 7 Royals Lorde
83%
February 2 Thrift Shop Macklemore & Ryan Lewis ft. Wanz
83%
February 9 Thrift Shop Macklemore & Ryan Lewis ft. Wanz
83%
February 16 Thrift Shop Macklemore & Ryan Lewis ft. Wanz
83%
February 23 Thrift Shop Macklemore & Ryan Lewis ft. Wanz
83%
April 6 Thrift Shop Macklemore & Ryan Lewis ft. Wanz
83%
April 13 Thrift Shop Macklemore & Ryan Lewis ft. Wanz
83%
June 22 Blurred Lines Robin Thicke ft. T.I. and Pharrell
78%
June 29 Blurred Lines Robin Thicke ft. T.I. and Pharrell
78%
July 6 Blurred Lines Robin Thicke ft. T.I. and Pharrell
78%
July 13 Blurred Lines Robin Thicke ft. T.I. and Pharrell
78%
July 20 Blurred Lines Robin Thicke ft. T.I. and Pharrell
78%
July 27 Blurred Lines Robin Thicke ft. T.I. and Pharrell
78%
August 3 Blurred Lines Robin Thicke ft. T.I. and Pharrell
78%
August 10 Blurred Lines Robin Thicke ft. T.I. and Pharrell
78%
August 17 Blurred Lines Robin Thicke ft. T.I. and Pharrell
78%
August 24 Blurred Lines Robin Thicke ft. T.I. and Pharrell
78%
August 31 Blurred Lines Robin Thicke ft. T.I. and Pharrell
78%
September 7 Blurred Lines Robin Thicke ft. T.I. and Pharrell
78%
May 18 Can't Hold Us Macklemore & Ryan Lewis ft. Ray Dalton
72%
May 25 Can't Hold Us Macklemore & Ryan Lewis ft. Ray Dalton
72%
June 1 Can't Hold Us Macklemore & Ryan Lewis ft. Ray Dalton
72%
June 8 Can't Hold Us Macklemore & Ryan Lewis ft. Ray Dalton
72%
June 15 Can't Hold Us Macklemore & Ryan Lewis ft. Ray Dalton
72%
January 5 Locked Out of Heaven Bruno Mars
61%
January 12 Locked Out of Heaven Bruno Mars
61%
January 19 Locked Out of Heaven Bruno Mars
61%
January 26 Locked Out of Heaven Bruno Mars
61%
September 14 Roar Katy Perry
61%
September 21 Roar Katy Perry
61%
April 27 Just Give Me a Reason P!NK ft. Nate Ruess
56%
May 4 Just Give Me a Reason P!NK ft. Nate Ruess
56%
May 11 Just Give Me a Reason P!NK ft. Nate Ruess
56%
March 2 Harlem Shake Baauer
50%
March 9 Harlem Shake Baauer
50%
March 16 Harlem Shake Baauer
50%
March 23 Harlem Shake Baauer
50%
March 30 Harlem Shake Baauer
50%
April 20 When I Was Your Man Bruno Mars
33%
No matching quizzes found
Score Distribution
Percent of People with Each Score
Percentile by Number Answered
Your Score History
You have not taken this quiz